000 02053nam a2200433 c 4500
003 BLK
005 20250119004124.0
008 180409b bul|||||r ||||||| ||bul||
010 _aKNG00108926000
020 _a954-90556-6-3
_bиздат.: AMICITIA
040 _aBLK
041 _aBUL
_cBUL
080 _aТрета българска държава (от 1878)
_b94(497.2)"1878..."
_x
_z94(497.2)"1878..."
080 _aНрави и обичаи в частния живот. Обреди при раждане, кръщене, пълнолетие, жертвопринасяне, сватба, семеен живот, брак, любов, дружба, гостоприемство, осиновяване и др.
_b392
_x(497.2)
_z392(497.2)
080 _aСоциология на културата и цивилизацията
_b316.7
_x(497.2)
_z316.7(497.2)
100 1 _aЛори, Бернар
_eпърви автор
_9285458
700 1 _aЯнакиева, Лилина
_eпрев.
_9309705
139 _aЛори, Бернар
_bЛ 83
245 1 0 _aСъдбата на османското наследство в България
_bБълг. градска култура 1878 - 1900 г.
_cБернар Лори; прев. Лилина Янакиева.
257 _aFRA
260 София
_bAMICITIA
_c2002
_fСофия : Илинда-Евтимов
300 _a208 с.
_c24 см
380 _a9
500 _aОфс. изд. - Библиогр. с.187-196 ; Геогр. и именен показалец.
504 _a187-196
650 0 _aБългария - история, нова
_9241998
650 4 _aБългари - бит и култура
_9243479
653 _aБългария
653 _aистория
653 _aнова история
653 _aбит
653 _aкултура
852 _aЦб 216664
856 4 _qpdf
_u
856 4 _qpdf
_u
942 _cKNG
_n0
944 _aCR
_c14.11.2003
_k
_lCRON CRON
944 _aED
_c21.06.2004
_k
999 _c103846
_d103846